| 000 | 00363nam a2200133Ia 4500 | ||
|---|---|---|---|
| 008 | 230917s9999||||xx |||||||||||||| ||und|| | ||
| 040 |
_e38393 _aMAIN |
||
| 041 | _aEnglish | ||
| 082 | _a954.03 | ||
| 100 | _aLutyens, Mary | ||
| 245 | 4 | _aThe Lyttons in India: an account of Lord Lytton's viceroyalty 1876-1880 | |
| 260 |
_aLondon _bJohn Murray _c206 |
||
| 942 | _cBK | ||
| 999 |
_c211421 _d211421 |
||